[Event "Memorial Pedro Lezcano Montalvo 2015"]
[Site "Gran Canaria ESP"]
[Date "2015.03.31"]
[Round "2.10"]
[White "Sanchez Quintero, Raul"]
[Black "Gutierrez Olivares, Daniel"]
[Result "0-1"]
[WhiteElo "2055"]
[BlackElo "2309"]
[PlyCount "114"]
[EventDate "2015.03.30"]
[EventType "swiss"]
[EventRounds "9"]
[EventCountry "ESP"]
[Source "lmi"]
[SourceDate "2015.03.30"]

1. e4 c5 2. Nf3 d6 3. d4 cxd4 4. Nxd4 Nf6 5. Nc3 a6 6. Bg5 Nbd7 7. Qd2 Qc7 8.
f3 e6 9. O-O-O Be7 10. Kb1 O-O 11. h4 b5 12. Bd3 Bb7 13. Rde1 Rfd8 14. f4 b4
15. Nd1 Nc5 16. Nf2 Nxd3 17. cxd3 Qb6 18. Qe3 Kh8 19. h5 a5 20. h6 g6 21. Rhf1
e5 22. Nf5 Qxe3 23. Nxe3 exf4 24. Bxf4 Nh5 25. Bh2 Bh4 26. Rc1 Ba6 27. Nc4 Bg5
28. Rc2 Bxh6 29. Ng4 Bg7 30. Rxf7 d5 31. exd5 Rxd5 32. Nge5 Re8 33. Ra7 Bb5 34.
Re2 Kg8 35. Re3 a4 36. g4 Nf6 37. b3 axb3 38. axb3 Red8 39. Kc2 Rc5 40. g5 Nd5
41. Rf3 Be8 42. Ng4 Bd7 43. Nf6+ Nxf6 44. gxf6 Bh6 45. f7+ Kh8 46. Be5+ Rxe5
47. Nxe5 Bf5 48. Re7 Rc8+ 49. Nc4 Rf8 50. Re8 Kg7 51. Nd6 Bd7 52. Re7 Bc6 53.
Ne8+ Kh8 54. Rh3 Bg5 55. Rc7 Bd5 56. Rg3 Bf4 57. Rc8 Bxf7 0-1

[Event "Memorial Pedro Lezcano Montalvo 2015"]
[Site "Gran Canaria ESP"]
[Date "2015.03.31"]
[Round "2.12"]
[White "Lopez Colon, Francisco"]
[Black "Bressac, Stephane"]
[Result "0-1"]
[WhiteElo "2003"]
[BlackElo "2277"]
[PlyCount "102"]
[EventDate "2015.03.30"]
[EventType "swiss"]
[EventRounds "9"]
[EventCountry "ESP"]
[Source "lmi"]
[SourceDate "2015.03.30"]

1. d4 Nf6 2. c4 c5 3. d5 b5 4. cxb5 a6 5. bxa6 g6 6. Nc3 Bxa6 7. e4 Bxf1 8.
Kxf1 d6 9. g3 Nbd7 10. Nf3 Bg7 11. Kg2 O-O 12. a4 Qb6 13. Qc2 Rfb8 14. Nb5 Ne8
15. Bd2 Nc7 16. Nxc7 Qxc7 17. Rab1 Qb6 18. b3 Qa6 19. Rhc1 Rb7 20. a5 Rab8 21.
h3 Rb5 22. Qc4 Qb7 23. Qa4 Nf6 24. Qc4 Ne8 25. Rc2 Nc7 26. Ra2 Na6 27. Ra3 Ra8
28. Ne1 Nb4 29. Nd3 Rbxa5 30. Rxa5 Rxa5 31. Nxb4 cxb4 32. Qxb4 Rb5 33. Qc4 f5
34. f3 fxe4 35. fxe4 Rc5 36. Qd3 Qc8 37. Rf1 Bf6 38. Rf2 Rc2 39. Be1 Rc1 40.
Bd2 Rd1 41. Qc4 Qa8 42. Qc6 Qa1 43. Qc2 Rg1+ 44. Kf3 Qe5 45. Bf4 Qh5+ 46. Ke3
Qxh3 47. Qc6 Kg7 48. Qc7 Re1+ 49. Kd3 Qh1 50. Be3 Rd1+ 51. Kc2 Rb1 0-1

[Event "Memorial Pedro Lezcano Montalvo 2015"]
[Site "Gran Canaria ESP"]
[Date "2015.03.31"]
[Round "2.13"]
[White "Kvisvik, Brede"]
[Black "Cruz Pino, Adrian"]
[Result "1-0"]
[WhiteElo "2273"]
[BlackElo "1989"]
[PlyCount "79"]
[EventDate "2015.03.30"]
[EventType "swiss"]
[EventRounds "9"]
[EventCountry "ESP"]
[Source "lmi"]
[SourceDate "2015.03.30"]

1. d4 Nf6 2. c4 g6 3. Nf3 Bg7 4. e3 O-O 5. Be2 d6 6. O-O c6 7. Nc3 Bf5 8. b4
Qc7 9. Bb2 Bg4 10. d5 Bxf3 11. Bxf3 Nbd7 12. dxc6 bxc6 13. b5 Ne5 14. bxc6 Nxc6
15. Nb5 Qd7 16. Nd4 Ne5 17. Bxa8 Rxa8 18. Rc1 Rc8 19. Qb3 Ne4 20. Rc2 Nc5 21.
Qb5 Qd8 22. Bc3 Rb8 23. Nc6 Rxb5 24. Nxd8 Rb8 25. Bxe5 Rxd8 26. Bd4 Rc8 27. Rb1
Bf8 28. Rb5 a6 29. Rb6 e6 30. Bxc5 Rxc5 31. Rxa6 d5 32. Ra4 Be7 33. Kf1 e5 34.
Ke2 d4 35. exd4 exd4 36. Kd3 Bf6 37. f4 h5 38. Rb4 Kg7 39. Rb5 Rc7 40. a4 1-0

[Event "Memorial Pedro Lezcano Montalvo 2015"]
[Site "Gran Canaria ESP"]
[Date "2015.03.31"]
[Round "2.14"]
[White "Galvan Sarmiento, Jose Luis"]
[Black "Garcia Blanco, Omar"]
[Result "0-1"]
[WhiteElo "1990"]
[BlackElo "2270"]
[PlyCount "62"]
[EventDate "2015.03.30"]
[EventType "swiss"]
[EventRounds "9"]
[EventCountry "ESP"]
[Source "lmi"]
[SourceDate "2015.03.30"]

1. d4 Nf6 2. Bf4 c5 3. d5 d6 4. Nc3 g6 5. e4 Bg7 6. Bb5+ Nfd7 7. Nge2 O-O 8.
Bxd7 Nxd7 9. Qc1 Nf6 10. Bh6 e6 11. Bxg7 Kxg7 12. O-O exd5 13. exd5 Re8 14. Re1
Rb8 15. a4 b6 16. Qd2 a6 17. Ng3 b5 18. Rxe8 Qxe8 19. Re1 Qd8 20. axb5 axb5 21.
Nce4 Nxe4 22. Nxe4 b4 23. Qf4 Rb6 24. h4 h5 25. Re3 Bf5 26. Ng5 Rb7 27. Re2 Re7
28. Kf1 Rxe2 29. Kxe2 Qf6 30. c3 bxc3 31. bxc3 Bg4+ 0-1

[Event "Memorial Pedro Lezcano Montalvo 2015"]
[Site "Gran Canaria ESP"]
[Date "2015.03.31"]
[Round "2.15"]
[White "De La Cruz Sanchez, Carlos G"]
[Black "Cruz Gomez, Isidro"]
[Result "1-0"]
[WhiteElo "2266"]
[BlackElo "1964"]
[PlyCount "72"]
[EventDate "2015.03.30"]
[EventType "swiss"]
[EventRounds "9"]
[EventCountry "ESP"]
[Source "lmi"]
[SourceDate "2015.03.30"]

1. d4 Nf6 2. c4 e6 3. Nc3 Bb4 4. f3 c5 5. d5 b5 6. e4 bxc4 7. Bxc4 Ba6 8. Bxa6
Nxa6 9. Nge2 O-O 10. O-O c4 11. Be3 Bc5 12. Qd2 Qb6 13. Nd4 e5 14. Nf5 Bxe3+
15. Nxe3 Nb4 16. Kh1 Rac8 17. Nf5 Kh8 18. Na4 Qb5 19. Qg5 Ne8 20. Qe7 Kg8 21.
Nc3 Qb6 22. Qxd7 Rd8 23. Qb5 Nd3 24. Qxb6 axb6 25. b3 cxb3 26. axb3 g6 27. Ne7+
Kg7 28. Nc6 Rc8 29. Na4 f5 30. Nxb6 Rc7 31. Rad1 Nc5 32. b4 Na6 33. Ra1 Rxc6
34. dxc6 Nxb4 35. Nd7 Nxc6 36. Nxf8 Kxf8 1-0

[Event "Memorial Pedro Lezcano Montalvo 2015"]
[Site "Gran Canaria ESP"]
[Date "2015.04.01"]
[Round "3.1"]
[White "Garcia Blanco, Omar"]
[Black "Horvath, Adam"]
[Result "0-1"]
[WhiteElo "2270"]
[BlackElo "2532"]
[PlyCount "112"]
[EventDate "2015.03.30"]
[EventType "swiss"]
[EventRounds "9"]
[EventCountry "ESP"]
[Source "lmi"]
[SourceDate "2015.03.30"]

1. e4 c5 2. c3 Nf6 3. e5 Nd5 4. d4 cxd4 5. Nf3 d6 6. cxd4 Nc6 7. Bc4 dxe5 8.
dxe5 Ndb4 9. Qxd8+ Nxd8 10. Na3 Be6 11. Bxe6 Nxe6 12. Bd2 Nc6 13. O-O-O g6 14.
Kb1 Bg7 15. Bc3 O-O 16. Nc2 Rfd8 17. Nb4 Nxb4 18. Bxb4 Kf8 19. Rc1 Ke8 20. Rhd1
b6 21. a3 Rac8 22. Rxc8 Rxc8 23. Bc3 Nc5 24. Bd4 Rd8 25. Kc2 Ne6 26. Be3 Rxd1
27. Kxd1 Kd7 28. Bd2 Kc6 29. Bc3 Kd5 30. g3 Nd8 31. Kc2 e6 32. a4 h6 33. a5 b5
34. a6 Nc6 35. Bd2 g5 36. Be3 g4 37. Ne1 h5 38. Nd3 Bxe5 39. Bf4 Bd4 40. Bg5 e5
41. Bf6 Ke6 42. Bg5 f5 43. Bc1 Kd5 44. Kd2 Bb6 45. Ke2 Ke4 46. Be3 Nd4+ 47.
Bxd4 Bxd4 48. b3 f4 49. Nb4 f3+ 50. Kf1 Bc5 51. Nc6 Kf5 52. b4 Bb6 53. Ne7+ Ke6
54. Ng6 Bc7 55. Ke1 Bd6 56. Kd2 Kf6 0-1

[Event "Memorial Pedro Lezcano Montalvo 2015"]
[Site "Gran Canaria ESP"]
[Date "2015.04.01"]
[Round "3.2"]
[White "Krulich, Roman"]
[Black "Ulybin, Mikhail"]
[Result "0-1"]
[WhiteElo "2229"]
[BlackElo "2502"]
[PlyCount "49"]
[EventDate "2015.03.30"]
[EventType "swiss"]
[EventRounds "9"]
[EventCountry "ESP"]
[Source "lmi"]
[SourceDate "2015.03.30"]

1. e4 c5 2. c3 Nf6 3. e5 Nd5 4. d4 cxd4 5. cxd4 d6 6. Nf3 e6 7. a3 Bd7 8. Bd3
Bc6 9. O-O Nd7 10. Qe2 Rc8 11. Bd2 dxe5 12. dxe5 Nc5 13. Bc4 a6 14. Nc3 Nb6 15.
Be3 Nxc4 16. Qxc4 Nd3 17. Qg4 h5 18. Qg3 h4 19. Qg4 Qc7 20. Nd4 Qxe5 21. Nxc6
Rxc6 22. Bd4 Rc4 23. Ne2 Nc5 24. Qf3 Rxd4 25. Nxd4 0-1

[Event "Memorial Pedro Lezcano Montalvo 2015"]
[Site "Gran Canaria ESP"]
[Date "2015.04.01"]
[Round "3.3"]
[White "Kurajica, Bojan"]
[Black "Kvisvik, Brede"]
[Result "1-0"]
[WhiteElo "2492"]
[BlackElo "2273"]
[PlyCount "103"]
[EventDate "2015.03.30"]
[EventType "swiss"]
[EventRounds "9"]
[EventCountry "ESP"]
[Source "lmi"]
[SourceDate "2015.03.30"]

1. Nf3 d5 2. e3 Nf6 3. c4 e6 4. b3 b6 5. cxd5 exd5 6. Bb2 Be7 7. Bb5+ c6 8. Be2
O-O 9. O-O Bb7 10. Qc2 Nbd7 11. Nd4 Rc8 12. Nf5 Re8 13. Nxe7+ Qxe7 14. d3 c5
15. Re1 Ne5 16. Nd2 Rc6 17. Qd1 Ba6 18. Nf1 Ng6 19. Rc1 Rec8 20. Rc2 Ne5 21.
Ng3 Qe6 22. Qd2 Ned7 23. Rec1 h6 24. h3 R8c7 25. Bf1 h5 26. Ne2 h4 27. b4 Rc8
28. a4 Bb7 29. b5 R6c7 30. Nd4 Qe5 31. f4 Qh5 32. Qf2 Ne8 33. Be2 Qg6 34. Nf3
Qg3 35. Nxh4 Qxf2+ 36. Kxf2 Nf8 37. Nf3 Nd6 38. Ne5 f6 39. Nc6 Bxc6 40. bxc6
Ng6 41. Bg4 Re8 42. Ba3 f5 43. Bf3 Ne7 44. g4 Rxc6 45. Bb2 Kf7 46. gxf5 Ndxf5
47. e4 dxe4 48. dxe4 Nh4 49. Bh5+ g6 50. Be2 Rd8 51. Bc4+ Kf8 52. Kg3 1-0

[Event "Memorial Pedro Lezcano Montalvo 2015"]
[Site "Gran Canaria ESP"]
[Date "2015.04.01"]
[Round "3.4"]
[White "Herrera Reyes, Jose Antonio"]
[Black "Hansen, Torbjorn Ringdal"]
[Result "0-1"]
[WhiteElo "2193"]
[BlackElo "2487"]
[PlyCount "88"]
[EventDate "2015.03.30"]
[EventType "swiss"]
[EventRounds "9"]
[EventCountry "ESP"]
[Source "lmi"]
[SourceDate "2015.03.30"]

1. e4 c5 2. Nf3 d6 3. g3 Nc6 4. Bg2 Nf6 5. d3 g6 6. O-O Bg7 7. c3 O-O 8. h3 c4
9. dxc4 Nxe4 10. Qe2 Nf6 11. Rd1 Bd7 12. Na3 Rc8 13. Be3 Qa5 14. Nb5 a6 15.
Nbd4 Rfe8 16. Nb3 Qc7 17. c5 d5 18. Bg5 e6 19. Qe3 Ne4 20. Bh6 Bh8 21. Nh2 f5
22. Nf3 Nd8 23. Bf4 e5 24. Bh6 Bc6 25. Ng5 Nf7 26. Nxf7 Qxf7 27. Qe1 Rcd8 28.
f3 Nf6 29. Bg5 Bg7 30. Na5 h6 31. Nxc6 bxc6 32. Bxf6 Bxf6 33. Qf1 a5 34. Rab1
Kg7 35. b4 e4 36. fxe4 fxe4 37. bxa5 Bxc3 38. a6 Qxf1+ 39. Rxf1 e3 40. Rb3 Bd4
41. Re1 e2+ 42. Kh2 Bf2 43. Rbb1 Bxe1 44. Rxe1 Ra8 0-1

[Event "Memorial Pedro Lezcano Montalvo 2015"]
[Site "Gran Canaria ESP"]
[Date "2015.04.01"]
[Round "3.5"]
[White "Czebe, Attila"]
[Black "De La Cruz Sanchez, Carlos G"]
[Result "1-0"]
[WhiteElo "2442"]
[BlackElo "2266"]
[PlyCount "68"]
[EventDate "2015.03.30"]
[EventType "swiss"]
[EventRounds "9"]
[EventCountry "ESP"]
[Source "lmi"]
[SourceDate "2015.03.30"]

1. g3 Nf6 2. Bg2 g6 3. e4 d6 4. d4 Bg7 5. Ne2 O-O 6. O-O e5 7. h3 exd4 8. Nxd4
Nc6 9. Ne2 Re8 10. Nbc3 Rb8 11. a4 a5 12. Re1 Bd7 13. Nf4 Nb4 14. Nd3 Nxd3 15.
cxd3 Bc6 16. Qc2 d5 17. Bg5 d4 18. Nd5 Bxd5 19. exd5 Rxe1+ 20. Rxe1 h6 21. Bd2
Nxd5 22. Bxa5 b6 23. Bd2 c5 24. Qc4 Nc7 25. b4 b5 26. axb5 Rxb5 27. Bf4 Rb6 28.
bxc5 Re6 29. Rxe6 Nxe6 30. c6 Nc7 31. Qc5 g5 32. Qd6 Qe8 33. Qxc7 gxf4 34. Qxf4
Be5 1-0

[Event "Memorial Pedro Lezcano Montalvo 2015"]
[Site "Gran Canaria ESP"]
[Date "2015.04.01"]
[Round "3.6"]
[White "Andersen, Alf R"]
[Black "Larino Nieto, David"]
[Result "0-1"]
[WhiteElo "2171"]
[BlackElo "2438"]
[PlyCount "114"]
[EventDate "2015.03.30"]
[EventType "swiss"]
[EventRounds "9"]
[EventCountry "ESP"]
[Source "lmi"]
[SourceDate "2015.03.30"]

1. e4 c6 2. d4 d5 3. Nc3 dxe4 4. Nxe4 Nf6 5. Nxf6+ exf6 6. Nf3 Bd6 7. Be2 O-O
8. O-O Bg4 9. Be3 Re8 10. h3 Bh5 11. Nh4 Bg6 12. Bd3 Bc7 13. Nxg6 hxg6 14. Qf3
Qd6 15. g3 Qd5 16. Qxd5 cxd5 17. Kg2 Nc6 18. c3 g5 19. Rh1 Bd8 20. Rae1 g6 21.
Bd2 Re7 22. Rxe7 Bxe7 23. Re1 Rd8 24. Kf3 f5 25. g4 f4 26. Bf1 Bf6 27. Ke2 Kf8
28. Kd3 Rd7 29. Bg2 Nd8 30. Bf3 Ne6 31. a4 b6 32. Ra1 Ke7 33. b3 Rd8 34. Bc1
Nc7 35. Ba3+ Kd7 36. a5 Rh8 37. axb6 axb6 38. Bg2 f3 39. Bf1 Re8 40. Bc1 Bd8
41. c4 f5 42. Bd2 Re4 43. Re1 Bf6 44. Rxe4 dxe4+ 45. Ke3 Ne6 46. Bc3 Nf4 47. b4
Ng2+ 48. Kd2 f4 49. c5 e3+ 50. Kd3 bxc5 51. bxc5 Be7 52. Bb4 Kc6 53. Ba5 Kd5
54. Bb4 Bd8 55. Bc3 exf2 56. Bd2 Ne1+ 57. Kc3 Ba5+ 0-1

[Event "Memorial Pedro Lezcano Montalvo 2015"]
[Site "Gran Canaria ESP"]
[Date "2015.04.01"]
[Round "3.7"]
[White "Roeder, Matthias"]
[Black "Hagesather, Ellen"]
[Result "1-0"]
[WhiteElo "2418"]
[BlackElo "2227"]
[PlyCount "71"]
[EventDate "2015.03.30"]
[EventType "swiss"]
[EventRounds "9"]
[EventCountry "ESP"]
[Source "lmi"]
[SourceDate "2015.03.30"]

1. Nf3 d5 2. d4 e6 3. Bf4 c6 4. Nbd2 f5 5. e3 Nf6 6. Be2 Bd6 7. Bxd6 Qxd6 8. c4
O-O 9. Qc2 b6 10. Rc1 Bd7 11. O-O Ne4 12. Rfd1 Be8 13. Ne5 a6 14. Ndf3 Qe7 15.
Qb3 b5 16. cxd5 cxd5 17. Rc2 g5 18. Rdc1 g4 19. Ne1 Ra7 20. Rc8 Rb7 21. Qc2 Bd7
22. Rxf8+ Kxf8 23. N1d3 Be8 24. Nf4 Nd7 25. Qc8 Nxe5 26. Nxe6+ Kg8 27. dxe5 Rd7
28. Nc7 Kf8 29. Nxe8 Qxe8 30. Qxa6 Qxe5 31. Qc8+ Ke7 32. Bxb5 Ra7 33. Qe8+ Kf6
34. Rc6+ Nd6 35. Qb8 Rd7 36. Rb6 1-0

[Event "Memorial Pedro Lezcano Montalvo 2015"]
[Site "Gran Canaria ESP"]
[Date "2015.04.01"]
[Round "3.8"]
[White "Del Rey, Diego"]
[Black "Alvarado Ascanio, Francisco"]
[Result "1/2-1/2"]
[WhiteElo "2375"]
[BlackElo "2189"]
[PlyCount "128"]
[EventDate "2015.03.30"]
[EventType "swiss"]
[EventRounds "9"]
[EventCountry "ESP"]
[Source "lmi"]
[SourceDate "2015.03.30"]

1. e4 e6 2. d3 d5 3. Qe2 Nc6 4. Nf3 dxe4 5. Qxe4 Nf6 6. Qe2 Bd6 7. Nc3 h6 8.
Bd2 Qe7 9. O-O-O e5 10. Nb5 a6 11. Nxd6+ cxd6 12. h3 Be6 13. Kb1 O-O-O 14. g4
g5 15. c4 Qc7 16. Bg2 Rhe8 17. Rhe1 Nd7 18. Bc3 Qb6 19. Nd2 Nc5 20. Qe3 f5 21.
gxf5 Bxf5 22. Ne4 Bxe4 23. Bxe4 Qc7 24. Bg2 Ne6 25. Rc1 Kb8 26. Be4 Ncd4 27. h4
Qf7 28. hxg5 hxg5 29. Rh1 Rh8 30. b4 Qf4 31. Bd2 Rdf8 32. Rxh8 Rxh8 33. Rh1
Rxh1+ 34. Bxh1 Qg4 35. Qe1 Nf3 36. Bxf3 Qxf3 37. Be3 Qf5 38. Qd2 Nf4 39. Kc2
Ne6 40. Qc3 g4 41. Kd2 Nf4 42. Qa3 Kc7 43. b5 axb5 44. cxb5 Qe6 45. Qa4 Nd5 46.
Qc4+ Kd7 47. b6 Ke7 48. Qe4 Kf6 49. Bh6 Ne7 50. Qxb7 Qxa2+ 51. Ke1 Qb1+ 52. Ke2
Qc2+ 53. Bd2 Qc6 54. Qxc6 Nxc6 55. b7 Ke7 56. Ba5 Kd7 57. Bb6 Nb8 58. Ke3 Kc6
59. Ba5 Kxb7 60. Ke4 Kc6 61. Kf5 Kd7 62. Kxg4 Nc6 63. Bc3 Nd4 64. Bb2 Ne6
1/2-1/2

[Event "Memorial Pedro Lezcano Montalvo 2015"]
[Site "Gran Canaria ESP"]
[Date "2015.04.01"]
[Round "3.9"]
[White "Vega Gutierrez, Belinda"]
[Black "Alvarado Diaz, Alejandro"]
[Result "0-1"]
[WhiteElo "2165"]
[BlackElo "2369"]
[PlyCount "146"]
[EventDate "2015.03.30"]
[EventType "swiss"]
[EventRounds "9"]
[EventCountry "ESP"]
[Source "lmi"]
[SourceDate "2015.03.30"]

1. e4 d5 2. exd5 Qxd5 3. Nc3 Qd6 4. d4 Nf6 5. Bc4 g6 6. Nge2 Bg7 7. Bf4 Qd8 8.
Qd2 a6 9. O-O-O b5 10. Bb3 Bb7 11. f3 Nc6 12. Kb1 Na5 13. h4 Nxb3 14. axb3 Qd7
15. Be5 h5 16. Nc1 Bh6 17. Qe1 O-O-O 18. Nd3 Rhe8 19. Nc5 Qc6 20. Na2 Nd5 21.
Nb4 Qb6 22. Nxd5 Bxd5 23. Qc3 b4 24. Qd3 a5 25. Rhe1 Bc6 26. g4 Qb5 27. Qxb5
Bxb5 28. g5 Bf8 29. c4 bxc3 30. bxc3 Bc6 31. Ne4 e6 32. Kb2 Kb7 33. Nf6 Bxf3
34. Rd3 Bg4 35. Nxe8 Rxe8 36. Ra1 Kb6 37. Ra4 Bd6 38. Bxd6 cxd6 39. Re3 f6 40.
gxf6 Rf8 41. b4 axb4 42. Rxb4+ Kc6 43. Re1 Rxf6 44. Ra1 Kd5 45. Ra5+ Ke4 46.
d5+ Kf3 47. dxe6 Rxe6 48. Rd4 Kg3 49. Ra6 Re2+ 50. Ka3 Kxh4 51. Raxd6 Kg5 52.
c4 Bf5 53. c5 h4 54. c6 h3 55. Rd1 h2 56. c7 Rc2 57. Rh1 Kf4 58. Rxg6 Bxg6 59.
Rxh2 Rxc7 60. Kb4 Ke5 61. Rd2 Bf7 62. Kb5 Bd5 63. Kb4 Kd6 64. Rd3 Rc4+ 65. Kb5
Rh4 66. Rd2 Rh3 67. Kb4 Rb3+ 68. Ka4 Rb8 69. Ka3 Kc5 70. Rc2+ Bc4 71. Rd2 Rb3+
72. Ka4 Rc3 73. Rb2 Rc1 0-1

[Event "Memorial Pedro Lezcano Montalvo 2015"]
[Site "Gran Canaria ESP"]
[Date "2015.04.01"]
[Round "3.10"]
[White "Gutierrez Olivares, Daniel"]
[Black "Angel Acosta, Juan Carlos"]
[Result "0-1"]
[WhiteElo "2309"]
[BlackElo "2170"]
[PlyCount "80"]
[EventDate "2015.03.30"]
[EventType "swiss"]
[EventRounds "9"]
[EventCountry "ESP"]
[Source "lmi"]
[SourceDate "2015.03.30"]

1. e4 e6 2. d4 d5 3. Nd2 dxe4 4. Nxe4 Nd7 5. Nf3 Ngf6 6. Nxf6+ Nxf6 7. Bg5 Be7
8. Bd3 c5 9. dxc5 Qa5+ 10. c3 Qxc5 11. Qe2 a6 12. O-O Bd7 13. Ne5 Rd8 14. Kh1
O-O 15. f4 g6 16. Rf3 Nd5 17. Bh6 Rfe8 18. Rg3 Bh4 19. Rh3 Bf6 20. Rf1 Bc6 21.
Bg5 Qe7 22. Ng4 Bxg5 23. fxg5 e5 24. Nh6+ Kg7 25. Rxf7+ Qxf7 26. Nxf7 Nf4 27.
Nxd8 Nxe2 28. Nxc6 Nf4 29. Nb4 Nxh3 30. gxh3 Rd8 31. Be4 Rd1+ 32. Kg2 Rd2+ 33.
Kg3 Rxb2 34. Bd5 Rd2 35. Bxb7 a5 36. Nc6 Rxa2 37. c4 a4 38. Nxe5 a3 39. c5 Re2
40. Nd3 Re3+ 0-1

[Event "Memorial Pedro Lezcano Montalvo 2015"]
[Site "Gran Canaria ESP"]
[Date "2015.04.01"]
[Round "3.12"]
[White "Bressac, Stephane"]
[Black "Rodriguez Mellado, Antonio"]
[Result "0-1"]
[WhiteElo "2277"]
[BlackElo "1953"]
[PlyCount "134"]
[EventDate "2015.03.30"]
[EventType "swiss"]
[EventRounds "9"]
[EventCountry "ESP"]
[Source "lmi"]
[SourceDate "2015.03.30"]

1. c4 Nf6 2. g3 g6 3. Bg2 Bg7 4. Nc3 c5 5. e3 Nc6 6. Nge2 O-O 7. O-O e5 8. d4
d6 9. Bxc6 cxd4 10. Bg2 dxc3 11. Nxc3 Qe7 12. b3 e4 13. Ba3 Rd8 14. Qd2 Bg4 15.
h3 Bf3 16. Rac1 Qe5 17. Ne2 Bxe2 18. Qxe2 Qa5 19. Bb2 Qxa2 20. Qc2 Nd7 21. Bxg7
Qxc2 22. Rxc2 Kxg7 23. Rd1 Nf6 24. Rcd2 b5 25. cxb5 d5 26. g4 g5 27. Ra1 Rd7
28. Rda2 Rb7 29. Bf1 h6 30. Ra6 Nd7 31. Rd6 Nb6 32. Rc1 Rd7 33. Rxd7 Nxd7 34.
Rc7 Ne5 35. Be2 Kf6 36. Kf1 Ke6 37. Ke1 Kd6 38. Rb7 Kc5 39. Kd2 d4 40. exd4+
Kxd4 41. Rc7 f6 42. Rh7 Nf3+ 43. Bxf3 exf3 44. Rxh6 Re8 45. Rxf6 Re2+ 46. Kd1
Rxf2 47. Ke1 Re2+ 48. Kf1 Ke3 49. Re6+ Kf4 50. Rxe2 fxe2+ 51. Kxe2 Kg3 52. Ke3
Kxh3 53. Kf3 Kh4 54. b4 Kh3 55. Ke4 Kxg4 56. Kd5 Kf5 57. Kc6 g4 58. Kb7 g3 59.
Kxa7 g2 60. b6 g1=Q 61. b5 Ke6 62. Ka8 Qa1+ 63. Kb8 Kd6 64. b7 Qa5 65. b6 Qxb6
66. Ka8 Qa6+ 67. Kb8 Kc6 0-1

[Event "Memorial Pedro Lezcano Montalvo 2015"]
[Site "Gran Canaria ESP"]
[Date "2015.04.01"]
[Round "3.13"]
[White "Korneev Leskova, Svyatoslav"]
[Black "Kohlweyer, Bernd"]
[Result "0-1"]
[WhiteElo "2148"]
[BlackElo "2402"]
[PlyCount "114"]
[EventDate "2015.03.30"]
[EventType "swiss"]
[EventRounds "9"]
[EventCountry "ESP"]
[Source "lmi"]
[SourceDate "2015.03.30"]

1. c4 e5 2. g3 h5 3. h4 Bc5 4. Nc3 Nc6 5. d3 d6 6. e3 Bg4 7. Be2 Qd7 8. a3 a5
9. Bd2 Nf6 10. Nd5 a4 11. Nxf6+ gxf6 12. Bxg4 hxg4 13. Ne2 Ne7 14. Qc2 b5 15.
d4 Bb6 16. cxb5 Qxb5 17. Nc3 Qc6 18. d5 Nxd5 19. Qe4 Ne7 20. Qxc6+ Nxc6 21. Nd5
f5 22. Rc1 Kd7 23. Nf6+ Ke6 24. Nxg4 Na5 25. Nh2 Nb3 26. Rc2 e4 27. Bc3 Rh5 28.
Nf1 d5 29. Nd2 Nc5 30. Ke2 Nd3 31. Nf3 c5 32. Rd1 f6 33. Rxd3 exd3+ 34. Kxd3
Rh7 35. Ng1 f4 36. Ne2 fxe3 37. Nf4+ Kd6 38. fxe3 Re8 39. Re2 Rhe7 40. Kd2 Re4
41. Bxf6 c4 42. Ng2 d4 43. Bg5 d3 44. Rf2 Ba5+ 45. Kd1 Kc6 46. Rf6+ R4e6 47.
Rf5 Bc7 48. Bf4 Bxf4 49. Rxf4 Kc5 50. Rf2 Rb8 51. Kc1 c3 52. Nf4 Rxe3 53. bxc3
Rxg3 54. Ne6+ Kc4 55. Ng5 Rg1+ 56. Kd2 Rb2+ 57. Ke3 Re1+ 0-1

[Event "Memorial Pedro Lezcano Montalvo 2015"]
[Site "Gran Canaria ESP"]
[Date "2015.04.01"]
[Round "3.14"]
[White "Bozinovic, Boban"]
[Black "Cruz Ramirez, Nauzet"]
[Result "0-1"]
[WhiteElo "2052"]
[BlackElo "1783"]
[PlyCount "132"]
[EventDate "2015.03.30"]
[EventType "swiss"]
[EventRounds "9"]
[EventCountry "ESP"]
[Source "lmi"]
[SourceDate "2015.03.30"]

1. e4 c5 2. g3 e6 3. Bg2 Nc6 4. Nc3 Nge7 5. d3 g6 6. Be3 d6 7. Qd2 Bg7 8. Bh6
O-O 9. h4 Nd4 10. Bxg7 Kxg7 11. h5 Ng8 12. hxg6 fxg6 13. Nd1 e5 14. c3 Ne6 15.
Ne3 b5 16. Ne2 Rb8 17. f4 Nc7 18. O-O-O Be6 19. Kb1 Qc8 20. d4 b4 21. d5 bxc3
22. Nxc3 Bg4 23. Rdf1 Rb4 24. Qe1 Qb8 25. Rf2 Bd7 26. fxe5 dxe5 27. Rhf1 Nf6
28. Qc1 Nce8 29. g4 h6 30. a3 Rb7 31. Ncd1 Bb5 32. Rh1 Rh8 33. Nc3 Bd3+ 34. Ka1
Nd6 35. Rh2 Nf7 36. Qd2 c4 37. Bf3 Ng5 38. Be2 Nfxe4 39. Nxe4 Nxe4 40. Qc1 Nxf2
41. Rxf2 Rf8 42. Rh2 Rh8 43. Nxc4 Bxc4 44. Bxc4 Qd6 45. Qe3 Rc7 46. Ba2 Rf7 47.
Rh1 Qf6 48. Bb1 Qf4 49. Qe2 Qd4 50. Rh2 Rhf8 51. Qa6 Rf6 52. Qb7+ R8f7 53. Qb3
Rf3 54. Qb4 Qxb4 55. axb4 R3f4 56. g5 hxg5 57. Ka2 Rxb4 58. Re2 Kf6 59. Rf2+
Rf4 60. Re2 Re7 61. Rc2 e4 62. Rc6+ Kf5 63. Ra6 g4 64. Ra5 g3 65. Bc2 g2 66.
d6+ Kf6 0-1

[Event "Memorial Pedro Lezcano Montalvo 2015"]
[Site "Gran Canaria ESP"]
[Date "2015.04.01"]
[Round "3.15"]
[White "Gonzalez Intelangelo, Gerardo"]
[Black "Mateos Rozas, Miguel Angel"]
[Result "0-1"]
[WhiteElo "2001"]
[BlackElo "2133"]
[PlyCount "132"]
[EventDate "2015.03.30"]
[EventType "swiss"]
[EventRounds "9"]
[EventCountry "ESP"]
[Source "lmi"]
[SourceDate "2015.03.30"]

1. d4 Nf6 2. Nf3 e6 3. Bg5 Be7 4. e3 d6 5. Nbd2 Nbd7 6. Bd3 O-O 7. O-O Nd5 8.
Bxe7 Qxe7 9. c3 e5 10. Qc2 h6 11. Rfe1 N7b6 12. Bf5 Nf6 13. e4 Nbd7 14. h4 Re8
15. d5 g6 16. Bh3 Nh5 17. g3 Ndf6 18. Bg2 Rf8 19. b4 a5 20. a3 Bg4 21. c4 Qd7
22. Nf1 Bh3 23. Bh1 Bxf1 24. Rxf1 Kh7 25. c5 Ra6 26. Qc4 axb4 27. axb4 Rfa8 28.
Rxa6 Rxa6 29. Rc1 Ne8 30. Nd2 Ra3 31. Nb3 Qg4 32. Bg2 Nxg3 33. fxg3 Qxg3 34.
Rc3 Qe1+ 35. Bf1 Qxh4 36. Qe2 Ng7 37. Qf3 Ra2 38. Bg2 f5 39. cxd6 cxd6 40. Rc7
Qe1+ 41. Kh2 Qxe4 42. Qxe4 fxe4 43. Kg1 e3 44. Be4 Rb2 45. Rc3 e2 46. Kf2 Nf5
47. Bxf5 gxf5 48. b5 Kg6 49. Ke1 f4 50. Nd2 Rxb5 51. Rd3 Rb4 52. Kxe2 Kf5 53.
Kf3 e4+ 54. Nxe4 Rxe4 55. Rd1 Re3+ 56. Kf2 Ke4 57. Rb1 Kxd5 58. Rxb7 Re6 59.
Kf3 Ke5 60. Rf7 d5 61. Kg4 Rf6 62. Re7+ Kd4 63. Kf3 h5 64. Rh7 Rf5 65. Rc7 Kd3
66. Rc1 d4 0-1

[Event "Memorial Pedro Lezcano Montalvo 2015"]
[Site "Gran Canaria ESP"]
[Date "2015.04.02"]
[Round "4.1"]
[White "Horvath, Adam"]
[Black "Larino Nieto, David"]
[Result "1/2-1/2"]
[WhiteElo "2532"]
[BlackElo "2438"]
[PlyCount "108"]
[EventDate "2015.03.30"]
[EventType "swiss"]
[EventRounds "9"]
[EventCountry "ESP"]
[Source "lmi"]
[SourceDate "2015.03.30"]

1. e4 c6 2. d4 d5 3. Nc3 dxe4 4. Nxe4 Nf6 5. Nxf6+ exf6 6. c3 Bd6 7. Bd3 O-O 8.
Qc2 Re8+ 9. Ne2 g6 10. O-O f5 11. Re1 Nd7 12. g3 b6 13. Bf4 Bf8 14. Bc4 b5 15.
Bb3 Bb7 16. Rad1 Nb6 17. Be5 a5 18. Qc1 a4 19. Bc2 f6 20. Bf4 Qd5 21. c4 Nxc4
22. Nc3 Rxe1+ 23. Rxe1 Qxd4 24. Rd1 Qb6 25. b3 axb3 26. Bxb3 Rd8 27. a4 Kh8 28.
Re1 Na5 29. Bf7 b4 30. Nd5 Qc5 31. Qb2 Bg7 32. Nxb4 Qf8 33. Ba2 c5 34. Nc2 Be4
35. Bc7 Ra8 36. Rxe4 fxe4 37. Bd5 Rd8 38. Ne3 Rxd5 39. Nxd5 Nc6 40. Qb6 Nd4 41.
a5 h5 42. a6 Kh7 43. a7 Nf3+ 44. Kg2 Qg8 45. Qb8 Qxd5 46. a8=Q Ne1+ 47. Kg1
Nf3+ 48. Kg2 Ne1+ 49. Kf1 Qc4+ 50. Kxe1 Qc1+ 51. Ke2 Qc2+ 52. Kf1 Qd1+ 53. Kg2
Qf3+ 54. Kg1 Qd1+ 1/2-1/2